000
00461nam a2200169Ia 4500
008
090711s9999 xx 000 0 und d
082
_b
22978
100
_a
जोशी प्रभाकर
245
_a
अनुरक्त
260
_c
1970
300
_a
124
600
_a
जोशी प्रभाकर
630
_a
अनुरक्त
700
_a
जोशी प्रभाकर
730
_a
अनुरक्त
942
_c
BOOK
999
_c
299202
_d
299202